Fr. Conceicao Rodrigues College of Engineering

Systems Programming (Record no. 21606)

MARC details
000 -LEADER
fixed length control field 00328nam a2200145Ia 4500
082 ## - DEWEY DECIMAL CLASSIFICATION NUMBER
Classification number 005.42/DON
Item number DON
100 ## - MAIN ENTRY--PERSONAL NAME
Personal name Donovan/John J
245 ## - TITLE STATEMENT
Title Systems Programming
260 ## - PUBLICATION, DISTRIBUTION, ETC.
Name of publisher, distributor, etc. Tata Mc Graw hill Ltd.
Place of publication, distribution, etc. New Delhi
Date of publication, distribution, etc. 1972
366 ## - TRADE AVAILABILITY INFORMATION
Publishers's discount category 15
300 ## - PHYSICAL DESCRIPTION
Extent 484
546 ## - LANGUAGE NOTE
Language note ENGLISH
654 ## - SUBJECT ADDED ENTRY--FACETED TOPICAL TERMS
Focus term system programming
942 ## - ADDED ENTRY ELEMENTS (KOHA)
Koha item type BOOK
Holdings
Withdrawn status Lost status Damaged status Not for loan Collection Home library Current library Shelving location Date acquired Source of acquisition Cost, normal purchase price Total Checkouts Full call number Barcode Date last seen Cost, replacement price Price effective from Koha item type
        CRC Fr. Agnel's C.Rodrigues College of Engineering Fr. Agnel's C.Rodrigues College of Engineering   17/03/2023 Unique Book Distributors 184.00   005.42/DON DON 16190 17/03/2023 199.00   BOOK